The Tungus event, or, The great Siberian meteorite (Record no. 116628)
[ view plain ]
| 000 -LEADER | |
|---|---|
| fixed length control field | 01723nam a2200373 a 4500 |
| 082 04 - DEWEY DECIMAL CLASSIFICATION NUMBER | |
| Classification number | 551.3/9709575 |
| 100 1# - MAIN ENTRY--AUTHOR NAME | |
| Personal name | Engledew, John, |
| 245 14 - TITLE STATEMENT | |
| Title | The Tungus event, or, The great Siberian meteorite |
| 260 ## - PUBLICATION, DISTRIBUTION, ETC. (IMPRINT) | |
| Place of publication | New York : |
| Name of publisher | Algora Pub., |
| Year of publication | c2010. |
| 300 ## - PHYSICAL DESCRIPTION | |
| Number of Pages | 166 p. |
| 505 0# - FORMATTED CONTENTS NOTE | |
| Formatted contents note | Tunguska, 100 years of mystery -- Meteors, chapter of astronomy -- Tunguska ground zero -- The cometary hypotheses and the Taurid meteors -- Comet Encke -- The sun, the cosmos and coronal mass ejections -- Asteroids and the asteroid hypotheses -- Other explanations and perspectives on the Tungus event. |
| 650 #0 - SUBJECT ADDED ENTRY--TOPICAL TERM | |
| Topical Term | Tunguska meteorite. |
| 856 40 - ELECTRONIC LOCATION AND ACCESS | |
| Uniform Resource Identifier | http://site.ebrary.com/lib/rucke/Doc?id=10476820 |
No items available.
